| 000 | 00456nam a2200157 a 4500 | ||
|---|---|---|---|
| 001 | 000030953 | ||
| 005 | 20200930062618.0 | ||
| 008 | 110608s1929 dr 000 0 spa d | ||
| 040 |
_aDO-SdBNP _bspa _cBNPHU |
||
| 082 |
_axxx _bR457v |
||
| 100 | 1 |
_aReyes, Juan de Jésus _957467 |
|
| 245 | 1 | 0 |
_aVuelo de mariposas / _cJuan de Jesús Reyes. |
| 260 |
_aSantiago, República Dominicana : _bLa información, _c1929. |
||
| 300 |
_a64 p. ; _c24 cm. |
||
| 049 | _aBNPD | ||
| 999 |
_c30445 _d30445 |
||